Calidad agronómica de las aguas de riego / (Record no. 39682)

MARC details
000 -LEADER
campo de control de longitud fija 00655nam a2200193 i 4500
001 - NÚMERO DE CONTROL
campo de control 39682
003 - IDENTIFICADOR DE NÚMERO DE CONTROL
campo de control ES-MaACL
005 - FECHA Y HORA DE LA ÚLTIMA TRANSACCIÓN
campo de control 20230906160047.0
007 - CAMPO FIJO DE DESCRIPCIÓN FÍSICA--INFORMACIÓN GENERAL
campo de control de longitud fija t|
008 - DATOS DE LONGITUD FIJA--INFORMACIÓN GENERAL
campo de control de longitud fija 030304s1980 sp ||||1| spa d
100 1# - ENTRADA PRINCIPAL--NOMBRE DE PERSONA
Nombre de persona Cánovas Cuenca, Juan.
9 (RLIN) 34599
245 10 - MENCIÓN DEL TÍTULO
Título Calidad agronómica de las aguas de riego /
Mención de responsabilidad, etc. por Juan Canovas Cuenca ; dibujo portada de Antonio Aguirre.
250 ## - MENCION DE EDICION
Mención de edición 2ª ed. rev.
260 ## - PUBLICACIÓN, DISTRIBUCIÓN, ETC.
Lugar de publicación, distribución, etc. Madrid :
Nombre del editor, distribuidor, etc. [Publicaciones de Extensión Agraria],
Fecha de publicación, distribución, etc. 1980.
300 ## - DESCRIPCIÓN FÍSICA
Extensión 55 p. :
Otras características físicas il. ;
Dimensiones 24 cm.
700 1# - ENTRADA AGREGADA--NOMBRE PERSONAL
Nombre de persona Aguirre, Antonio.
9 (RLIN) 18810
710 1# - ENTRADA AGREGADA--NOMBRE DE ENTIDAD CORPORATIVA
Nombre de entidad corporativa o nombre de jurisdicción como elemento de entrada España.
Unidad subordinada Servicio de Extensión Agraria.
9 (RLIN) 3975
852 ## - LOCALIZACIÓN
Ubicación ES-MaACL
Número de control de estantería C-26159
Sublocalización o colección R.100215
Holdings
Estatus retirado Estado de pérdida Estado de daño No para préstamo Biblioteca de origen Biblioteca actual Ubicación en estantería Fecha de adquisición Fuente de adquisición Total de préstamos Signatura topográfica completa Código de barras Visto por última vez Precio de reemplazo Tipo de ítem Koha
        Biblioteca del Ateneo de Madrid Biblioteca del Ateneo de Madrid Depósito 2 17/01/2008     C-26159 1041791 23/02/2023 23/02/2023 Libro impreso